[Event "29th Open"]
[Site "Cappelle la Grande FRA"]
[Date "2013.02.25"]
[Round "4.113"]
[White "Baptista,A"]
[Black "Sequera Paolini,J"]
[Result "0-1"]
[WhiteElo "2123"]
[BlackElo "2396"]

1.e4 e6 2.d4 d5 3.Nd2 Nc6 4.Ngf3 Nf6 5.e5 Nd7 6.c3 Be7 7.Bd3 f6 8.exf6 Bxf6
9.O-O e5 10.dxe5 Ndxe5 11.Re1 O-O 12.Nxe5 Bxe5 13.Nf3 Bg4 14.Be2 Bf6 15.Qb3 Na5
16.Qa4 Bxf3 17.Bxf3 c6 18.Be3 Nc4 19.Bc5 Re8 20.Qc2 Qa5 21.Rxe8+ Rxe8 22.Bb4 Qxa2
23.Qd1 Nxb2 24.Qf1 Qb3  0-1

[Event "Reykjavik Open 2013"]
[Site "Reykjavik ISL"]
[Date "2013.02.25"]
[Round "8.31"]
[White "Ekeberg,C"]
[Black "Guo Qi"]
[Result "1/2-1/2"]
[WhiteElo "2274"]
[BlackElo "2431"]

1.e4 e6 2.d4 d5 3.Nd2 Be7 4.Ngf3 Nf6 5.e5 Nfd7 6.Bd3 c5 7.c3 Nc6 8.O-O a5
9.a4 Qb6 10.dxc5 Nxc5 11.Bb5 O-O 12.Nb3 Ne4 13.Bf4 f5 14.exf6 Bxf6 15.Be3 Qd8
16.Nc5 Nd6 17.Re1 Nf7 18.Bf4 Re8 19.Nd4 Bxd4 20.cxd4 Qf6 21.Bxc6 bxc6 22.Be5 Nxe5
23.Rxe5 Rb8 24.Qd2 Rb4 25.Rae1 Rf8 26.g3 h6 27.b3 Qf3 28.h3 Qf6 29.R1e2 Qg6
30.Kg2 Qf7 31.Qd3 Qf6 32.Nxe6 Bxe6 33.Rxe6 Qxd4 34.Qxd4 Rxd4 35.Rxc6 Rd3
36.Rc5 d4 37.Rxa5 Rxb3 38.Rd5 d3 39.Rd2 Ra8 40.Ra2 Rc3 41.a5 Rc2 42.Rxc2 dxc2
43.Rc5 Rxa5 44.Rxc2 Ra3 45.h4 Rb3 46.h5 Rb5 47.g4 Rb3 48.Rc7 Ra3 49.f3 Kh7
50.Rc8 Rb3 51.Kg3 Ra3 52.Re8 Rb3 53.Kf4 Rb4+ 54.Kf5 Rb5+ 55.Re5 Rb8 56.f4 Rf8+
57.Ke4 Ra8 58.g5 hxg5 59.fxg5 Ra1 60.Kf5 Rf1+ 61.Ke6 Rh1 62.Kf7 Rf1+ 63.Ke8 Rh1
64.h6 gxh6 65.gxh6  1/2-1/2

[Event "ch-LTU SF 2013"]
[Site "Vilnius LTU"]
[Date "2013.02.25"]
[Round "4.6"]
[White "Valantiejus,Vaidotas"]
[Black "Kalvaitis,S"]
[Result "0-1"]
[WhiteElo "1978"]
[BlackElo "2223"]

1.e4 e6 2.d4 d5 3.Nd2 a6 4.Bd3 Nf6 5.e5 Nfd7 6.c3 c5 7.Ne2 Nc6 8.O-O cxd4
9.cxd4 f6 10.exf6 Nxf6 11.Nf3 Bd6 12.Bf4 Bxf4 13.Nxf4 Qd6 14.g3 O-O 15.Re1 Bd7
16.Rc1 Rae8 17.Ne5 Re7 18.Bb1 Be8 19.a3 g5 20.Nxc6 Bxc6 21.Nd3 Ne4 22.Qg4 Be8
23.Rxe4 dxe4 24.Qxe4 Bc6 25.Qe5 Qd5 26.Qxd5 Bxd5 27.Nb4 Bf3 28.Re1 Rd8 29.Be4 Bxe4
30.Rxe4 Kf7 31.Nd3 Rc7 32.Nc5 Rd6 33.Kg2 a5 34.Re3 h6 35.b4 axb4 36.axb4 b6
37.Na4 Rxd4 38.Rb3 Rc6 39.Nb2 g4 40.h3 gxh3+ 41.Kxh3 Rcd6 42.f4 R6d5 43.Kg2 h5
44.Kf3 Kf6 45.Ke3 Kf5 46.Kf3 b5 47.Ke3 Kg4 48.Ke2 Rd2+ 49.Kf1 R5d4 50.Ke1 h4
51.gxh4 Kxh4  0-1

[Event "Reykjavik Open 2013"]
[Site "Reykjavik ISL"]
[Date "2013.02.26"]
[Round "9.10"]
[White "Oleksienko,M"]
[Black "Mammadova,G"]
[Result "1-0"]
[WhiteElo "2568"]
[BlackElo "2369"]

1.e4 e6 2.d4 d5 3.Nd2 Nc6 4.Ngf3 Nf6 5.e5 Nd7 6.Bd3 Nb4 7.Be2 c5 8.c3 Nc6
9.O-O Be7 10.Re1 g5 11.dxc5 Nxc5 12.Nb3 Nxb3 13.axb3 h5 14.Nd4 g4 15.Nxc6 bxc6
16.b4 Qc7 17.Be3 c5 18.bxc5 Bxc5 19.Qa4+ Bd7 20.Qf4 Bxe3 21.Qxe3 a5 22.b4 Rg8
23.Ra3 a4 24.b5 h4 25.g3 h3 26.b6 d4 27.Qe4 Qc6 28.Qxc6 Bxc6 29.cxd4 Rb8
30.Rb1 Ke7 31.Kf1 f5 32.exf6+ Kxf6 33.f3 gxf3 34.Bxf3 Rgc8 35.b7 Rc7 36.Bxc6 Rxc6
37.Rxa4 Rc7 38.Rab4 Kf5 39.R1b2 Ke4 40.Ke2 Rf7 41.R2b3 Rc7 42.Kd2 Rd7 43.Re3+ Kf5
44.Re5+ Kf6 45.Reb5 Rc7 46.Ke3 Ke7 47.Kf4 Kd6 48.g4 Rf8+ 49.Kg3 Rb8 50.Kxh3 Rc3+
51.Kh4 Rc2 52.h3 Rc7 53.g5  1-0

[Event "29th Open"]
[Site "Cappelle la Grande FRA"]
[Date "2013.02.27"]
[Round "6.46"]
[White "Gajek,R"]
[Black "Naumkin,I"]
[Result "1-0"]
[WhiteElo "2273"]
[BlackElo "2495"]

1.e4 e6 2.d4 d5 3.Nd2 a6 4.Ngf3 c5 5.exd5 exd5 6.Be2 Nf6 7.O-O Be7 8.dxc5 Bxc5
9.Nb3 Ba7 10.Bg5 O-O 11.c3 Re8 12.Re1 Be6 13.Nfd4 Nc6 14.Bf3 Rc8 15.Re3 Bb8
16.Nxc6 bxc6 17.Nd4 Qd6 18.g3 Bh3 19.Qa4 Rxe3 20.Bxe3 c5 21.Nb3 h6 22.Rd1 Ba7
23.Be2 Re8 24.Qxa6 Qe7 25.Qa4 d4 26.cxd4 Nd5 27.Bf1 cxd4 28.Bxd4 Bg4 29.Rc1 Bb8
30.Bc5 Qe6 31.Nd4 Qe4 32.Bg2 Qe1+ 33.Rxe1 Rxe1+ 34.Bf1 Bh3 35.Qb5 Kh7 36.a4 Bc7
37.Nf3 Ra1 38.Nd2 Nf6 39.Bd4  1-0

[Event "29th Open"]
[Site "Cappelle la Grande FRA"]
[Date "2013.03.01"]
[Round "8.48"]
[White "Kerigan,D"]
[Black "Drasko,M"]
[Result "0-1"]
[WhiteElo "2258"]
[BlackElo "2459"]

1.e4 e6 2.d4 d5 3.Nd2 Be7 4.e5 c5 5.Qg4 Bf8 6.dxc5 Qc7 7.Ngf3 Nd7 8.Qa4 Ne7
9.Bb5 Nc6 10.b4 a5 11.c3 Ndxe5 12.O-O Bd7 13.Re1 Nxf3+ 14.Nxf3 Be7 15.Bxc6 Bxc6
16.b5 Bd7 17.Ne5 Qxc5 18.c4 Rd8 19.Be3 d4 20.Nd3 Qf5 21.Bxd4 Qxd3 22.Rad1 Qf5
23.Re5 Qf4 24.g3 Qh6 25.Bb6 Ra8 26.Rxd7 Kxd7 27.Be3 Qg6 28.b6+ Kd8 29.c5 Qb1+
30.Kg2 Qb4 31.Qc2 Qb5 32.f3 Qc6 33.Re4 f5 34.Rc4 Ke8  0-1

[Event "20th Bunratty Masters"]
[Site "Bunratty IRL"]
[Date "2013.03.02"]
[Round "3.2"]
[White "Rendle,T"]
[Black "Short,P"]
[Result "1-0"]
[WhiteElo "2374"]
[BlackElo "2260"]

1.e4 e6 2.d4 d5 3.Nd2 Be7 4.Ngf3 Nf6 5.e5 Nfd7 6.Bd3 c5 7.c3 Nc6 8.O-O g5
9.dxc5 Ndxe5 10.Nxe5 Nxe5 11.Bb5+ Bd7 12.Bxd7+ Qxd7 13.Nf3 Nxf3+ 14.Qxf3 f6
15.Qh5+ Kd8 16.Be3 Kc7 17.b4 Rad8 18.a4 Kb8 19.Rfd1 e5 20.Rd2 Qe6 21.Rad1 Rd7
22.Qe2 Rhd8 23.f3 h5 24.a5 Bf8 25.Bf2 h4 26.h3 f5 27.a6 e4 28.axb7 Re8 29.fxe4 fxe4
30.Qe3 Qc6 31.b5  1-0

[Event "29th Open"]
[Site "Cappelle la Grande FRA"]
[Date "2013.03.02"]
[Round "9.22"]
[White "Kovacevic,A"]
[Black "Stella,A"]
[Result "1/2-1/2"]
[WhiteElo "2563"]
[BlackElo "2477"]

1.e4 e6 2.d4 d5 3.Nd2 Nc6 4.Ngf3 Nf6 5.e5 Nd7 6.c3 f6 7.exf6 Qxf6 8.Bd3 Bd6
9.Qc2 h6 10.Bg6+ Kf8 11.Nb3 e5 12.Qf5 Qxf5 13.Bxf5 Nb6 14.Bxc8 Rxc8 15.dxe5 Nxe5
16.Nxe5 Bxe5 17.Nc5 Rb8 18.Be3 Kf7 19.O-O-O Rhe8 20.Rhe1 Bd6 21.Nd3 Rbd8
22.Bc5 Rxe1 23.Rxe1 Nc4 24.Bxd6 Nxd6 25.Ne5+ Kf6 26.Ng4+ Kf7 27.Ne5+  1/2-1/2

[Event "TCh-CAT Div Hon 2013"]
[Site "Catalonia ESP"]
[Date "2013.03.02"]
[Round "7.10"]
[White "Rafiee,M"]
[Black "Lopez Santana,O"]
[Result "0-1"]
[WhiteElo "2148"]
[BlackElo "2176"]

1.e4 e6 2.d4 d5 3.Nd2 a6 4.c3 c5 5.Bd3 Nc6 6.Ne2 cxd4 7.cxd4 dxe4 8.Nxe4 Nf6
9.O-O Be7 10.Be3 Nb4 11.Qa4+ Bd7 12.Nxf6+ gxf6 13.Qb3 Nxd3 14.Qxd3 Bc6 15.Rfe1 Qa5
16.Nf4 O-O-O 17.Rec1 Bd6 18.b4 Qxb4 19.Rab1 Qa3 20.Qe4 Qa4 21.Qf3 Bc7 22.d5 exd5
23.Nd3 Qe4 24.Qh3+ Qe6 25.Qh4 d4 26.Nc5 Qd5 27.Qh3+ f5 28.Bxd4 Rhg8  0-1

[Event "29th ChessOrg Open"]
[Site "Bad Woerishofen GER"]
[Date "2013.03.03"]
[Round "3.9"]
[White "Jicman,L"]
[Black "Belezky,A"]
[Result "0-1"]
[WhiteElo "2145"]
[BlackElo "2446"]

1.e4 e6 2.d4 d5 3.Nd2 Be7 4.Bd3 c5 5.exd5 Qxd5 6.Ngf3 cxd4 7.Bc4 Qd6 8.O-O Nf6
9.Bb5+ Bd7 10.Nc4 Qd5 11.Bxd7+ Nbxd7 12.Qxd4 Rc8 13.b3 b5 14.Ne3 Qb7 15.c4 Ne4
16.Ng4 h5 17.Nge5 Bf6 18.Bb2 bxc4 19.Rae1 c3 20.Ba1 Nd2 21.Nxd2 Nxe5 22.Qa4+ Qc6
23.Rc1 Qxa4 24.bxa4 Nd3 25.Rc2 Nb4 26.Rcc1 Nxa2 27.Rc2 Nb4 28.Rcc1 c2 29.Bxf6 gxf6
30.Nb3 Nd3 31.Ra1 Ke7 32.Nc1 Rhd8  0-1

[Event "TCh-HUN 2012-13"]
[Site "Paks HUN"]
[Date "2013.03.03"]
[Round "8"]
[White "Vajda,S"]
[Black "Kantor,G"]
[Result "1/2-1/2"]
[WhiteElo "2362"]
[BlackElo "2310"]

1.e4 e6 2.d4 d5 3.Nd2 Be7 4.Bd3 c5 5.dxc5 Nf6 6.Qe2 O-O 7.Ngf3 a5 8.exd5 exd5
9.O-O Bxc5 10.Nb3 Re8 11.Qd1 Bb6 12.h3 Nc6 13.c3 Ne4 14.Nbd4 Nxd4 15.Nxd4 Bxd4
16.cxd4 Qb6 17.Qa4 Bf5 18.Bf4 Nc3 19.bxc3 Bxd3 20.Rfe1 Qb5 21.Qxb5 Bxb5 22.Rxe8+ Rxe8
23.Rb1 Bc6 24.Kf1 f6 25.f3 Kf7 26.Kf2 a4 27.Bd6 Re6  1/2-1/2

[Event "FIDE Women's World Teams"]
[Site "Astana KAZ"]
[Date "2013.03.05"]
[Round "3.3"]
[White "Davletbayeva,M"]
[Black "Zhukova,N"]
[Result "0-1"]
[WhiteElo "2272"]
[BlackElo "2471"]

1.e4 e6 2.d4 d5 3.Nd2 a6 4.Ngf3 c5 5.dxc5 Bxc5 6.Bd3 Ne7 7.O-O Nbc6 8.c3 O-O
9.exd5 exd5 10.Nb3 Bb6 11.Re1 h6 12.h3 Bc7 13.Bc2 Re8 14.Be3 Bf5 15.Nbd4 Be4
16.Nd2 Bxc2 17.Qxc2 Qd6 18.Nf1 Nxd4 19.Bxd4 Nc6 20.Be3 Ne5 21.Rad1 Rad8 22.Qa4 Qg6
23.Re2 b5 24.Qc2 Qc6 25.Qf5 Nc4 26.Qg4 Re4 27.Qh5 Re5 28.Qg4 Rde8 29.Bd4 Rg5
30.Qf3 Rxe2 31.Qxe2 Qg6 32.g3 Qe6 33.Qxe6 fxe6 34.b3 Nd6 35.h4 Rf5 36.Ne3 Rf7
37.Ng4 Ne4 38.Re1 h5 39.Nh2 e5 40.Be3 Nxc3 41.Kg2 d4 42.Bd2 e4 43.Bxc3 dxc3
44.Re2 Bb6 45.f4 Rd7 46.Nf1 Rd1  0-1

[Event "Jersey Masters 2013"]
[Site "St Clement Bay JCI"]
[Date "2013.03.06"]
[Round "1"]
[White "Plug,A"]
[Black "Stone,A ENG"]
[Result "0-1"]
[WhiteElo "1909"]
[BlackElo "2196"]

1.e4 e6 2.d4 d5 3.Nd2 Be7 4.Ngf3 Nf6 5.e5 Nfd7 6.Bd3 c5 7.c3 Nc6 8.O-O g5
9.h3 h5 10.g4 hxg4 11.hxg4 Qb6 12.dxc5 Nxc5 13.Nb3 Nxd3 14.Qxd3 Rh3 15.Qe2 Rg3+
16.Kh2 Rxg4 17.Nxg5 Nxe5 18.f4 Rh4+ 19.Nh3 Ng4+ 20.Kg3 Nh6 21.Nd4 e5 22.f5 exd4
23.Bg5 Re4  0-1

[Event "TCh-AUT 2 West 2012-13"]
[Site "Salzburg AUT"]
[Date "2013.03.08"]
[Round "9.1"]
[White "Wegener,O"]
[Black "Graf,F"]
[Result "0-1"]
[WhiteElo "2423"]
[BlackElo "2471"]

1.e4 e6 2.d4 d5 3.Nd2 Nc6 4.Ngf3 Nf6 5.e5 Nd7 6.Be2 f6 7.exf6 Qxf6 8.Nf1 Bd6
9.Ne3 O-O 10.O-O Qg6 11.c4 Nf6 12.c5 Be7 13.Bb5 Bd7 14.Bxc6 Bxc6 15.Ne5 Qe8
16.N3g4 b6 17.Nxc6 Qxc6 18.Ne5 Qe8 19.b4 a5 20.cxb6 cxb6 21.bxa5 Rxa5 22.Qb3 b5
23.Rb1 Bd6 24.Re1 Ra4 25.Qxb5 Rxd4 26.Nf3 Qxb5 27.Rxb5 Rc4 28.Rb6 Ne4 29.Be3 Rfc8
30.Ng5 Bb4 31.Nxe4 Bxe1 32.Nd6 Bxf2+ 33.Kxf2 Rf8+ 34.Ke2 Rc2+ 35.Bd2 Rxa2
36.Rc6 Rb8 37.Kd3 e5 38.Nf5 Rb3+ 39.Rc3 Rxc3+ 40.Bxc3 d4 41.Be1 Kf7 42.Bg3 Ke6
43.Ke4 Re2+ 44.Kd3 Rxg2 45.Ke4 Re2+ 46.Kd3 Ra2 47.Ke4 g6 48.Ng7+ Kf7 49.Bxe5 Rd2
50.Bxd4 Rxh2 51.Ba1 Ra2 52.Bc3 Ra8 53.Nf5 gxf5+ 54.Kxf5 Rg8 55.Bf6 Rg2 56.Bg5 h5
57.Bd8 Rg4  0-1

[Event "116th YMCA Winter"]
[Site "Warsaw POL"]
[Date "2013.03.08"]
[Round "11"]
[White "Jarmula,L"]
[Black "Goslawski,M"]
[Result "1-0"]
[WhiteElo "2164"]
[BlackElo "2131"]

1.e4 e6 2.d4 d5 3.Nd2 Be7 4.e5 c5 5.Qg4 g6 6.dxc5 Qc7 7.Ngf3 f6 8.Qg3 Bxc5
9.Bd3 Nc6 10.Nb3 Be7 11.Bf4 Qb6 12.c3 a5 13.exf6 Nxf6 14.Bc7 Qa7 15.Ne5 Nxe5
16.Bxe5 Rf8 17.Nd4 Bd7 18.O-O Rc8 19.Qh3 Qb6 20.Rae1 Nh5 21.Re2 a4 22.a3 Bf6
23.Rfe1 Ke7 24.Bb5 Rc6 25.Bxc6 bxc6 26.Bxf6+ Rxf6 27.Nxe6 Kd6 28.g4 Bxe6
29.Qh4 Bxg4 30.Qxg4 Nf4 31.Re7 Qxb2 32.Qd7+ Kc5 33.Qa7+ Qb6 34.Qxa4 Kd6 35.Qd4 Qxd4
36.cxd4 h5 37.R7e3 c5 38.dxc5+ Kxc5 39.Rc1+ Kd4 40.Rd1+ Kc5 41.Rc3+ Kd6 42.Rb3 Ke5
43.a4 Ra6 44.Re3+ Kf5 45.Ra3 Ra5 46.Rb1 Ke4 47.Rb5 Ra8 48.a5 d4 49.f3+  1-0

[Event "29th ChessOrg Open"]
[Site "Bad Woerishofen GER"]
[Date "2013.03.09"]
[Round "9.25"]
[White "Rogobete,N"]
[Black "Herbold,M"]
[Result "1-0"]
[WhiteElo "2244"]
[BlackElo "2078"]

1.e4 e6 2.d4 d5 3.Nd2 Nc6 4.Ngf3 Nf6 5.e5 Ne4 6.Bd3 f5 7.exf6 Nxf6 8.O-O Nb4
9.Be2 c5 10.c3 Nc6 11.Bd3 Bd6 12.dxc5 Bxc5 13.b4 Bd6 14.b5 Na5 15.Qe2 O-O
16.Nb3 Re8 17.Nxa5 Qxa5 18.Ne5 Qxc3 19.Bb2 Qc7 20.Rac1 Qe7 21.f4 Bd7 22.Rf3 Rac8
23.Rcf1 a6 24.a4 axb5 25.axb5 Ne4 26.Rh3 Bxe5 27.Bxe5 Qc5+ 28.Kh1 g6 29.Qb2 Rf8
30.Rhf3 Qb6 31.h4 Qd8 32.Rh3 h5 33.Qe2 Kf7 34.g4 hxg4 35.Qxg4 Rc1 36.Rf3 Rxf1+
37.Rxf1 Qb6 38.Bxe4 dxe4 39.Rg1 Rg8 40.h5 Bxb5 41.hxg6+ Ke8 42.g7 Kd7 43.Rd1+ Bd3
44.Qg6 Qd8 45.Rc1 Qh4+ 46.Kg1 Bc4 47.Qf7+ Kc6 48.Qc7+  1-0

[Event "TCh-FIN SM 2012-13"]
[Site "Helsinki FIN"]
[Date "2013.03.09"]
[Round "13.7"]
[White "Ahvenjarvi,Jani"]
[Black "Lehtivaara,R"]
[Result "1-0"]
[WhiteElo "2210"]
[BlackElo "2164"]

1.e4 e6 2.d4 d5 3.Nd2 Nc6 4.Ngf3 Nf6 5.e5 Nd7 6.c3 f6 7.Bb5 a6 8.Bxc6 bxc6
9.O-O fxe5 10.dxe5 c5 11.Qa4 Rb8 12.Qg4 Qe7 13.Re1 g6 14.Ng5 Rb6 15.h4 Bg7
16.Ndf3 O-O 17.h5 gxh5 18.Qxh5 h6 19.Nh3 Qf7 20.Qh4 Qg6 21.Nf4 Qh7 22.Nh5 Rf5
23.Qd8+ Rf8 24.Qxc7 Qg6 25.Nxg7 Qxg7 26.Nh2 Bb7 27.Bxh6 Qxh6 28.Qxd7 Rxb2
29.Re3 Rfxf2 30.Rg3+ Kf8 31.Qd8+ Kf7 32.Qg8+ Ke7 33.Rg7+ Qxg7 34.Qxg7+ Rf7
35.Qg5+ Kd7 36.Ng4 d4 37.Nf6+ Kc7 38.cxd4 Rxg2+ 39.Qxg2 Bxg2 40.Kxg2 cxd4
41.Rd1 Rg7+ 42.Kf3 Rg5 43.Kf4 Rf5+ 44.Ke4 Rf2 45.a3 Ra2 46.Rd3 Kc6 47.Kxd4 Kb5
48.Ne4  1-0

[Event "UTD Turner GM Invitational 2013"]
[Site "Richardson USA"]
[Date "2013.03.09"]
[Round "2"]
[White "Langer,M USA"]
[Black "Holt,C"]
[Result "0-1"]
[WhiteElo "2211"]
[BlackElo "2504"]

1.e4 e6 2.d4 d5 3.Nd2 Be7 4.c3 c5 5.dxc5 Nf6 6.exd5 Nxd5 7.Ne4 O-O 8.Nf3 Nd7
9.Bc4 Nxc5 10.Nxc5 Bxc5 11.O-O Qc7 12.Qe2 b6 13.Bxd5 exd5 14.Qd3 Re8 15.Bg5 Bb7
16.Nd4 Qe5 17.Be3 Bd6 18.Nf3 Qh5 19.h3 Re4 20.Rad1 Rae8 21.Rfe1 h6 22.Qb5 Qg6
23.Nd4 Bc8 24.Kf1 Qh5 25.Kg1 Bxh3  0-1

[Event "TCh-AUT 2 West 2012-13"]
[Site "Salzburg AUT"]
[Date "2013.03.09"]
[Round "10.4"]
[White "Opl,K1"]
[Black "Engelhart,A"]
[Result "1/2-1/2"]
[WhiteElo "2317"]
[BlackElo "2129"]

1.e4 e6 2.d4 d5 3.Nd2 Nc6 4.Ngf3 Nf6 5.e5 Nd7 6.Bb5 a6 7.Bxc6 bxc6 8.Nb3 c5
9.Bg5 Be7 10.Na5 Nxe5 11.Nxe5 Bxg5 12.Nac6 Qf6 13.O-O Bf4 14.g3 Bxe5 15.dxe5 Qf5
16.Re1 Bd7 17.Na5 O-O 18.Nb3 c4 19.Nc5 Bc6 20.Qd4 Qxc2 21.Rac1 Qf5 22.Rc3 Rfb8
23.b3 cxb3 24.Nxb3 Bb5 25.Rxc7 Bc4 26.Re3 Qb1+ 27.Kg2 Bf1+ 28.Kf3 Qf5+ 29.Qf4 Qxf4+
30.gxf4 Rc8 31.Rec3 Bc4 32.Rxc8+ Rxc8 33.Ke3 Rb8 34.Nd2 Bxa2 35.Ra3 Bb1 36.Rxa6 Bf5
37.Ra3 h6 38.Nf3 Kf8 39.Nd4 Bg6 40.Kf3 Rc8 41.Ke3 Kg8 42.Kf3 Kh7 43.Nb5 Rc5
44.Nd6 Rc7 45.Nb5 Rb7 46.Nd6 Rc7 47.Nb5 Rc5 48.Nd6 d4 49.Ne4 Bxe4+ 50.Kxe4 Rd5
51.Rd3 Rd7 52.f5 h5 53.fxe6 fxe6 54.f4 Kg6 55.h4 Rd8 56.Rg3+ Kf7 57.Rd3 Kg6
58.Rg3+ Kf7 59.Rd3  1/2-1/2

[Event "TCh-DEN XtraCon 2012-13"]
[Site "Denmark DEN"]
[Date "2013.03.10"]
[Round "9.5"]
[White "Laursen,N1"]
[Black "Nielsen,LA"]
[Result "1-0"]
[WhiteElo "2261"]
[BlackElo "2260"]

1.e4 e6 2.d4 d5 3.Nd2 Nc6 4.Ngf3 Nf6 5.e5 Nd7 6.Bb5 a6 7.Bxc6 bxc6 8.O-O c5
9.c3 cxd4 10.cxd4 a5 11.Nb1 Be7 12.Nc3 O-O 13.Re1 c5 14.Be3 Ba6 15.Rc1 Nb6
16.dxc5 Nc4 17.Na4 Bb5 18.Bd4 Rb8 19.Nb6 Nxb6 20.cxb6 Bb4 21.Re3 a4 22.b3 a3
23.Rc7 Ba5 24.Qc1 Bxb6 25.Bxb6 Rxb6 26.Qc5 Rb8 27.Nd4 Be8 28.h3 Qg5 29.Qxa3 Qg6
30.Qa7 Rb4 31.Qc5 Qb1+ 32.Kh2 Rxd4 33.Qxd4 Qxa2 34.Rec3 g6 35.Ra7 Qb2 36.Ra8 Kg7
37.Qe3 Bd7 38.Rxf8 Kxf8 39.Qh6+ Ke8 40.Qe3 h6 41.Rc7 d4 42.Qxh6 Qxf2 43.Ra7 Qf5
44.Ra8+ Bc8 45.Rxc8+ Kd7 46.Qc1 Qxe5+ 47.Kh1 Qd6 48.Ra8 Qb6 49.Qc8+ Ke7 50.Rb8 Qa5
51.Rb7+ Kd6 52.b4 Qa1+ 53.Kh2 Ke5 54.Rxf7 Qa2 55.Qh8+ Ke4 56.Qf6 Qc4 57.Qf3+ Ke5
58.Qf4+ Kd5 59.Rd7+  1-0

[Event "TCh-DEN XtraCon 2012-13"]
[Site "Denmark DEN"]
[Date "2013.03.10"]
[Round "9.1"]
[White "Matthiesen,A"]
[Black "Sorensen,Jan1"]
[Result "1/2-1/2"]
[WhiteElo "2345"]
[BlackElo "2429"]

1.e4 e6 2.d4 d5 3.Nd2 Be7 4.Bd3 c5 5.dxc5 Nf6 6.exd5 Qxd5 7.Ngf3 Nbd7 8.O-O Nxc5
9.Bb5+ Bd7 10.Bxd7+ Qxd7  1/2-1/2

[Event "11th Meurthe Festival KO"]
[Site "Nancy FRA"]
[Date "2013.03.10"]
[Round "3.2"]
[White "Vachier Lagrave,M"]
[Black "Dobrov,V"]
[Result "1/2-1/2"]
[WhiteElo "2722"]
[BlackElo "2537"]

1.e4 e6 2.d4 d5 3.Nd2 a6 4.Ngf3 c5 5.exd5 exd5 6.dxc5 Bxc5 7.Nb3 Bb6 8.Bd3 Nf6
9.Qe2+ Qe7 10.Qxe7+ Kxe7 11.O-O Nc6 12.Re1+ Be6 13.Be3 Bxe3 14.Rxe3 Kd6 15.Nfd4 Nxd4
16.Nxd4 Rhe8 17.f3 Bd7 18.Rxe8 Rxe8 19.Kf2 h5 20.h4 g6 21.a4 Ng8 22.b4 Ne7
23.b5 a5 24.Rg1 Ke5 25.Nb3 b6 26.g4 hxg4 27.fxg4 Rh8 28.Nd2 Kf4 29.Re1 Nc8
30.Be4 Be6 31.Bxg6 Rxh4 32.Nf3 Rxg4 33.Bh5 Rg7 34.Nd4 Rh7 35.Bg6 Rh2+ 36.Kg1 Rh6
37.Bd3 Nd6 38.Rf1+ Ke3 39.Nb3 Ne4 40.Re1+ Kf4 41.Rf1+ Ke3 42.Re1+ Kf4 43.Rf1+ Ke3  1/2-1/2

[Event "Karpos Open 2013"]
[Site "Skopje MKD"]
[Date "2013.03.11"]
[Round "4.52"]
[White "Nikolaidis,K"]
[Black "Jacimovic,D"]
[Result "1/2-1/2"]
[WhiteElo "2248"]
[BlackElo "2433"]

1.e4 e6 2.d4 d5 3.Nd2 Nc6 4.Ngf3 Nf6 5.e5 Nd7 6.c4 Be7 7.Bd3 Nb4 8.Bb1 dxc4
9.Nxc4 Nb6 10.Ne3 Bd7 11.a3 N4d5 12.O-O Ba4 13.Qd2 Qd7 14.Ba2 Rd8 15.Re1 Bc6
16.Nf1 Bf8 17.Ng3 Ne7 18.Qe2 h6 19.Be3 Ned5 20.Rac1 Nxe3 21.fxe3 Be7 22.Nh5 g6
23.Nf4 Bg5 24.Nd3 Qe7 25.Nc5 O-O 26.Qf2 Nd7 27.Nd3 h5 28.Qg3 Bxf3 29.Qxf3 c6
30.Rf1 Kg7 31.Kh1 Nb6 32.Nf4  1/2-1/2

[Event "83rd ch-URU 2013"]
[Site "Montevideo URU"]
[Date "2013.03.12"]
[Round "2.1"]
[White "Ruggiero,A"]
[Black "Cao,Jo"]
[Result "1-0"]
[WhiteElo "1983"]
[BlackElo "2094"]

1.e4 e6 2.d4 d5 3.Nd2 Nc6 4.c3 dxe4 5.Nxe4 Nf6 6.Bd3 Be7 7.Nf3 O-O 8.Qe2 Qd5
9.Bf4 Qd8 10.O-O Nxe4 11.Qxe4 g6 12.Rfe1 Bf6 13.a3 Ne7 14.Bh6 Re8 15.Bc4 Nf5
16.Bf4 Nd6 17.Qd3 b6 18.Ba2 Bb7 19.d5 exd5 20.Bxd5 Rxe1+ 21.Rxe1 Nf5 22.Rd1 Bxd5
23.Qxd5 Qxd5 24.Rxd5 Rd8 25.Rxd8+ Bxd8 26.Ne5 Ne7 27.b4 f6 28.Ng4 Kf7 29.c4 Ke6
30.Ne3 g5 31.Bg3 f5 32.f4 h6 33.Nc2 Ng6 34.Nd4+ Kf6 35.fxg5+ hxg5 36.Nc6 f4
37.Bf2 Be7 38.Nxa7 Kf5 39.Nb5 Bd8 40.Nd4+ Kf6 41.Nc6 Be7 42.Kf1 Ke6 43.Ke2 Kd7
44.Nxe7 Kxe7 45.Kd3 Ke6 46.a4 Ne5+ 47.Kc3 Ng4 48.Bg1 Ne5 49.a5 bxa5 50.bxa5 Nc6
51.a6 Kf5 52.a7 Nxa7 53.Bxa7 Kg4 54.Bb8 c6 55.Kd4 Kf5 56.c5 g4 57.Bd6 f3
58.gxf3 gxf3 59.Bg3  1-0

[Event "ch-CRO w 2013"]
[Site "Rijeka CRO"]
[Date "2013.03.12"]
[Round "5"]
[White "Purgar,I"]
[Black "Sargac,R"]
[Result "0-1"]
[WhiteElo "2144"]
[BlackElo "2163"]

1.e4 e6 2.d4 d5 3.Nd2 Nc6 4.Bb5 Nf6 5.e5 Nd7 6.c3 f6 7.exf6 Qxf6 8.Ngf3 Bd6
9.O-O O-O 10.Nb3 a6 11.Bd3 e5 12.Bg5 Qf7 13.dxe5 Ndxe5 14.Nxe5 Nxe5 15.Be2 Nc4
16.Qc1 Qg6 17.Bxc4 dxc4 18.Nd4 h6 19.Bh4 c5 20.Nc2 Bf5 21.Ne3 Bd3 22.Re1 Qf7
23.Qd2 Bf4 24.b3 b5 25.Qb2 cxb3 26.axb3 c4 27.b4 Rae8 28.Nf1 Re6 29.Rxe6 Qxe6
30.Qa2 Qe5 31.Bg3 Bxf1 32.Rxf1 Bxg3 33.hxg3 Qxc3 34.Qb1 Qd2  0-1

[Event "Karpos Open 2013"]
[Site "Skopje MKD"]
[Date "2013.03.12"]
[Round "5.40"]
[White "Can,E"]
[Black "Rudolf,An"]
[Result "1/2-1/2"]
[WhiteElo "2474"]
[BlackElo "2292"]

1.e4 e6 2.d4 d5 3.Nd2 Be7 4.Bd3 c5 5.dxc5 Nf6 6.Qe2 O-O 7.Ngf3 a5 8.O-O Na6
9.e5 Nd7 10.c4 Ndxc5 11.Bb1 Nb4 12.Rd1 Qc7 13.cxd5 exd5 14.Nf1 Bg4 15.h3 Bxf3
16.Qxf3 Rad8 17.Bf4 Ne6 18.Bg3 Qb6 19.Ne3 Nd4 20.Qg4 Nbc6 21.Bd3 Qb4 22.Rab1 Ne6
23.a3 Qxg4 24.Nxg4 Bg5 25.Bf1 h5 26.Ne3 h4 27.Bh2 Bxe3 28.fxe3 Rfe8 29.Rbc1 d4
30.exd4 Nexd4 31.Re1 Nf5 32.Bc4 Ncd4 33.a4 Ne6 34.Be2 Nfd4 35.Kf1  1/2-1/2

[Event "13th European Seniors"]
[Site "Plovdiv BUL"]
[Date "2013.03.13"]
[Round "3"]
[White "Khazankin,M"]
[Black "Bogdanov,Val"]
[Result "1/2-1/2"]
[WhiteElo "2086"]
[BlackElo "2388"]

1.e4 e6 2.d4 d5 3.Nd2 a6 4.Ngf3 c5 5.dxc5 Bxc5 6.Bd3 Nc6 7.O-O Nge7 8.Re1 O-O
9.c3 Ng6 10.exd5 exd5  1/2-1/2

[Event "13th European Seniors"]
[Site "Plovdiv BUL"]
[Date "2013.03.13"]
[Round "3"]
[White "Tseitlin,Ma"]
[Black "Yakimenko,Alex"]
[Result "1-0"]
[WhiteElo "2380"]
[BlackElo "2196"]

1.e4 e6 2.d4 d5 3.Nd2 Nc6 4.Ngf3 Nf6 5.e5 Nd7 6.Nb3 a5 7.a4 Be7 8.Bb5 Nb4
9.c3 c6 10.Be2 Na6 11.O-O c5 12.Be3 c4 13.Nbd2 O-O 14.b3 cxb3 15.Qxb3 f6
16.exf6 Bxf6 17.Rfe1 b6 18.Bd3 Bb7 19.Qc2 h6 20.Bf4 Rc8 21.Bd6 Be7 22.Bxe7 Qxe7
23.Qb2 Nab8 24.Re3 Ba6 25.Bb1 g5 26.Ba2 Qd6 27.Rae1 Rfe8 28.Qc2 Nf8 29.h4 g4
30.Ne5 h5 31.f3 Nc6 32.fxg4 Nxd4 33.Qd1 Nc6 34.gxh5 Nxe5 35.Rxe5 Rxc3 36.Rg5+ Kh8
37.Ne4 Qb4 38.Nxc3 Qxc3 39.Rxd5 exd5 40.Rxe8 Qc5+ 41.Kh1 Bc4 42.Qf3 Kg8 43.h6 Bxa2
44.Rxf8+  1-0

[Event "13th European Seniors"]
[Site "Plovdiv BUL"]
[Date "2013.03.14"]
[Round "4"]
[White "Belokopyt,B"]
[Black "Grabow,P"]
[Result "1/2-1/2"]
[WhiteElo "1959"]
[BlackElo "2145"]

1.e4 e6 2.d4 d5 3.Nd2 Nc6 4.c3 e5 5.Ngf3 exd4 6.cxd4 Nf6 7.e5 Ne4 8.Bd3 Bf5
9.Qe2 Nxd2 10.Bxd2 Qd7 11.O-O Be7 12.a3 O-O 13.b4 Nd8 14.b5 Bxd3 15.Qxd3 Ne6
16.a4 a6 17.Rfb1 axb5 18.Qxb5 Qxb5 19.Rxb5 Ra7 20.Rxd5 Rfa8 21.Rd7 Bd8 22.g3 Nf8
23.Rd5 c6 24.Rc5 Nd7 25.Rc2 Rxa4 26.Rxa4 Rxa4 27.d5 c5 28.e6 fxe6 29.dxe6 Nf8
30.Rxc5 Nxe6 31.Rc8 Kf7 32.Rb8 Ra1+ 33.Kg2 Rb1 34.Ne5+ Ke7 35.Nc6+ Kd7 36.Nxd8 Nxd8
37.Bc3 g6 38.Bf6 Nc6 39.Rh8 Ke6 40.Bg5 h5 41.Rf8 Ne5 42.Rf6+ Kd5 43.Bf4 Nd3
44.Rd6+ Kc4 45.Rxg6 b5 46.Bh6 b4 47.Bg7 b3 48.Rb6 Nb4 49.f4 b2 50.Kh3 Nd3
51.f5 Rf1 52.Bxb2 Rxf5 53.Ba3 Ne5 54.Rb4+ Kd5 55.Rb5+ Ke4 56.Bb2 Nf3 57.Rb4+ Kd5
58.Rf4 Rxf4 59.gxf4 Ke4 60.Bc1 Kf5 61.Kg3 Nd4  1/2-1/2

[Event "TCh-CZE Div1 Zapad 2012-13"]
[Site "Czech Republic CZE"]
[Date "2013.03.17"]
[Round "9.7"]
[White "Machan,J"]
[Black "Kohout,V"]
[Result "1-0"]
[WhiteElo "2078"]
[BlackElo "2144"]

1.e4 e6 2.d4 d5 3.Nd2 Nc6 4.c3 e5 5.dxe5 dxe4 6.Qe2 Nxe5 7.Nxe4 Qe7 8.Bf4 f6
9.O-O-O Bd7 10.Bxe5 fxe5 11.g3 O-O-O 12.Rxd7 Kxd7 13.Bh3+ Ke8 14.Nf3 Nh6
15.Re1 Nf7 16.Qe3 g6 17.Qxa7 Bh6+ 18.Kb1 Kf8 19.Qxb7 Kg7 20.Qc6 Rhe8 21.Bf1 Nd6
22.Nc5 e4 23.Nd4 Kh8 24.Nde6 Rc8 25.Bh3 Qf7 26.Rf1 Re7 27.f4 e3 28.Re1 Nf5
29.g4 Nd6 30.g5 Bf8 31.Rxe3 Nf5 32.Re2 Rce8 33.a4 Bg7 34.a5 Nd6 35.a6 Nc8
36.Bg4 h6 37.h4 Kg8 38.Qd5 Nb6 39.Qb3 h5 40.Bh3 Nc8 41.Qd5 Nb6 42.Qf3 Nc8
43.f5 gxf5 44.Qxf5 Qxf5+ 45.Bxf5 Rf7 46.Bg6 Rf1+ 47.Ka2 Re7 48.Rd2 Na7 49.Rd8+ Bf8
50.Bd3 Rff7 51.Bc4 Nc6 52.Nxf8 Nxd8 53.a7  1-0

[Event "86th ch-St Petersburg"]
[Site "St Petersburg RUS"]
[Date "2013.03.18"]
[Round "8.2"]
[White "Donskov,Ana"]
[Black "Bazeev,G"]
[Result "1-0"]
[WhiteElo "2300"]
[BlackElo "2339"]

1.e4 e6 2.d4 d5 3.Nd2 Be7 4.Ngf3 Nf6 5.Bd3 c5 6.exd5 Qxd5 7.dxc5 O-O 8.Qe2 Nbd7
9.b4 a5 10.c3 b6 11.O-O bxc5 12.c4 Qh5 13.b5 Bb7 14.Bb2 Bd6 15.h3 a4 16.Rad1 a3
17.Bc3 Nb6 18.Ne4 Bxe4 19.Bxe4 Rad8 20.Bd3 Bc7 21.Ba1 Rd7 22.Be4 Rfd8 23.Bc6 Rxd1
24.Rxd1 Rxd1+ 25.Qxd1 Qf5 26.Be5  1-0